A carregar...

Mrichchhakatika ed by M R Kale /

Detalhes bibliográficos
Autor principal: Dudraka
Idioma:Undetermined
Publicado em: 1924.
LEADER 00369nam a2200121Ia 4500
001 48541
008 170722s9999 xx 000 0 und d
100 |a Dudraka 
245 |a Mrichchhakatika ed by M R Kale / 
260 |c 1924. 
942 |c GEN 
999 |c 30060  |d 30060 
952 |0 0  |1 0  |4 0  |6 O_152D251_F4_CR  |7 0  |9 36576  |a LIB  |b LIB  |d 2017-08-12  |o O15,2D25,1 F4 (CR)  |p 7846  |r 2017-08-12  |w 2017-08-12  |y GEN